[Event "HUN-chT2 Szechenyi 0203"]
[Site "Hungary"]
[Date "2002.10.13"]
[Round "2"]
[White "Szeles, Karoly"]
[Black "Kovacs, Borisz"]
[Result "0-1"]
[WhiteElo "2291"]
[BlackElo "2290"]
[PlyCount "52"]
[EventDate "2002.09.22"]
[EventType "team"]
[EventRounds "11"]
[EventCountry "HUN"]
[SourceTitle "EXT 2009"]
[Source "ChessBase"]
[SourceDate "2008.11.26"]
[SourceVersion "1"]
[SourceVersionDate "2008.11.26"]
[SourceQuality "1"]

1. e4 c5 2. Nf3 Nc6 3. c3 Nf6 4. e5 Nd5 5. d4 cxd4 6. cxd4 d6 7. exd6 Qxd6 8. Nc3 g6 9. Bb5 Bg7 10. 0-0 0-0 11. Re1 Bg4 12. Be2 Rad8 13. h3 Bf5 14. a3 a6 15. Bg5 Nf4 16. Bf1 h6 17. Bxf4 Qxf4 18. g3 Qd6 19. Qb3 Nxd4 20. Nxd4 Bxd4 21. Ne2 Bb6 22. Bg2 Qc5 23. Rf1 Rd3 24. Qa4 Rd2 25. Rac1 Qe5 26. Nf4 Qxb2 0-1